A place of Promise : (Record no. 23080)
[ view plain ]
| 000 -LEADER | |
|---|---|
| fixed length control field | 00964cam a2200325 a 4500 |
| 003 - CONTROL NUMBER IDENTIFIER | |
| control field | IdMonB |
| 005 - DATE AND TIME OF LATEST TRANSACTION | |
| control field | 20241220112255.0 |
| 008 - FIXED-LENGTH DATA ELEMENTS--GENERAL INFORMATION | |
| fixed length control field | 041111s2004 utu 000 1 eng |
| 001 - CONTROL NUMBER | |
| control field | 04111106 |
| 010 ## - LIBRARY OF CONGRESS CONTROL NUMBER | |
| LC control number | 2002023775 |
| 020 ## - INTERNATIONAL STANDARD BOOK NUMBER | |
| International Standard Book Number | 0929753089 |
| 035 ## - SYSTEM CONTROL NUMBER | |
| System control number | (Sirsi) i9780929753089 |
| 040 ## - CATALOGING SOURCE | |
| Original cataloging agency | DLC |
| Transcribing agency | DLC |
| Modifying agency | DLC |
| -- | ZBQ |
| 092 ## - LOCALLY ASSIGNED DEWEY CALL NUMBER (OCLC) | |
| Classification number | Mo |
| 082 ## - DEWEY DECIMAL CLASSIFICATION NUMBER | |
| Classification number | MOU |
| 092 ## - LOCALLY ASSIGNED DEWEY CALL NUMBER (OCLC) | |
| Classification number | MOU |
| 100 1# - MAIN ENTRY--PERSONAL NAME | |
| Personal name | Mouritsen, Laurel. |
| 9 (RLIN) | 75787 |
| 245 12 - TITLE STATEMENT | |
| Title | A place of Promise : |
| Remainder of title | The Kade family Saga / |
| Statement of responsibility, etc | Laurel Mouritsen. |
| 260 ## - PUBLICATION, DISTRIBUTION, ETC. (IMPRINT) | |
| Place of publication, distribution, etc | American Fork, Utah : |
| Name of publisher, distributor, etc | Stratford Books, |
| Date of publication, distribution, etc | c2004. |
| 300 ## - PHYSICAL DESCRIPTION | |
| Extent | 396 p. ; |
| Dimensions | 23 cm. |
| 490 1# - SERIES STATEMENT | |
| Series statement | Kade family saga, |
| Volume number/sequential designation | vol. 2 |
| 650 #0 - SUBJECT ADDED ENTRY--TOPICAL TERM | |
| Topical term or geographic name as entry element | Mormon women |
| Form subdivision | Fiction. |
| 9 (RLIN) | 5675255 |
| 655 #7 - INDEX TERM--GENRE/FORM | |
| Genre/form data or focus term | Romantic suspense fiction. |
| Source of term | gsafd |
| 9 (RLIN) | 6122160 |
| 655 #0 - INDEX TERM--GENRE/FORM | |
| Genre/form data or focus term | Christian fiction. |
| 9 (RLIN) | 6122161 |
| 800 1# - SERIES ADDED ENTRY--PERSONAL NAME | |
| Personal name | Mouritsen, Laurel. |
| Title of a work | Kade family saga ; |
| Volume/sequential designation | vol. 2. |
| 9 (RLIN) | 77664 |
| 852 ## - LOCATION/CALL NUMBER | |
| -- | 25.95 |
| 942 ## - ADDED ENTRY ELEMENTS (KOHA) | |
| Koha item type | BOOK |
| 979 ## - | |
| -- | 378011 |
| 998 ## - LOCAL CONTROL INFORMATION (RLIN) | |
| -- | a47595 |
| Withdrawn status | Lost status | Source of classification or shelving scheme | Damaged status | Not for loan | Collection code | Home library | Current library | Shelving location | Date acquired | Source of acquisition | Serial Enumeration / chronology | Total Checkouts | Total Renewals | Full call number | Barcode | Date last seen | Date checked out | Cost, replacement price | Price effective from | Koha item type |
|---|---|---|---|---|---|---|---|---|---|---|---|---|---|---|---|---|---|---|---|---|
| Dewey Decimal Classification | Adult Fiction LDS | Wasatch County Library | Wasatch County Library | First Floor | 02/24/2021 | Donation | #2 | 5 | 5 | F LDS Mouritsen | 34301001670282 | 07/21/2025 | 07/11/2025 | 25.95 | 02/24/2021 | BOOK |
